000 00357nam a2200157Ia 4500
008 210210b1904 xxu||||| |||| 00| 0 eng d
041 _aeng
082 _a887/6
100 _aFOULKES (Ti)
245 _aKALidAsa II
260 _aMaDras
_bGovernment Press
_c1904
650 _aKALidAsa
650 _aII
690 _aSanskrit Criticism
906 _a024604
999 _c150209
_d150209